00569nam a2200205 a 4500001001300000003000900013005001700022008004100039020002300080082002100103100001500124245007100139260003800210300000900248500003500257505002700292650001600319650001300335700001500348nice12345678IN_TiNIC20260116013254.0050524s1997 boma grp 000 0 eng  a8171545 c20000a306.0899145bKAD aKadam, K N aMeaning of the Ambedkarite Conversion to Buddhism and Other Essays aBombay bPopular Prakashan c1997 a114p aincludes index and biblioraphy2 aappendix, bibliography aCaste-India aBuddhism1 aKadam, K N